000 01255nam a22002777a 4500
005 2010101908158.0
008 101019t xxu||||| |||| 00| 0 hin d
010 _aHIN-95181
020 _c625.00
_a9788174877185
035 _aHN-67527
037 _bDBAD / PUB
040 _aDPL
_bHN
082 _a327.54051
100 _923632
_aनेगी,अवतार सिंह
245 _aभारत-पाकिस्तान संबंध /
_bअवतार सिंह नेगी
_hप्रतिस्पर्द्धा एंव वैमनस्यता
260 _aनई दिल्ली
_bराधा पब्लिकेशन्स
_c2011
270 _bनई दिल्ली
_a4231/1, अंसारी रोड़ दरियागंज
_e110002
_k23247003, 23254306
_mradhapublication@rediffmail.com
300 1 _a266पृ.
_c22सेमी (सजिल्द)
650 _9657
650 _934273
700 _939143
710 _934811
710 _935049
942 _2ddc
_cHN
_mनेगीअ
_h327.54051
999 _c60867
_d60867